000 01229nam0a2200277 4500
001 RU\NLR\BIBL_A\011155155
005 20250806205939.0
035 _a(NLR Aleph) 011155155
090 _a51334
_c51334
100 _a20250806d1945 b y0rusy50 ca
101 0 _asah
102 _aRU
105 _aa z 000 y
200 1 _aКуобах кутуруга суох буолбута
_aЭһэлээх бөрө иирээннэрэ
_fНиколай Якутскай
_gВ. Д. Запорожская худож. ойуулара
210 _aЯкутскай
_cСАССР Госиздата
_d1945
215 _a16,[1] с.
_cил.
_d22
541 1 _aОтчего заяц без хвоста
_aВражда медведя с волком
_eсказки для детей дошк. возраста
_zrus
686 1 _aШ9(2)6=Я-2
700 1 _aЯкутский
_bН. Г.
_f1908-1995
_gНиколай Гаврилович
_3RU\NLR\auth-onl\771296
_4070
702 1 _aЗапорожская
_bВ.Д.
_gВера Дмитриевна
_4440
852 _aNLR
_bОНЛ
_jЯкут./3-369
942 _cBOOK
945 _aРоссийская национальная библиотека
980 _aNB
980 _aBV